Etické problémy slobodných povolaní

Slobodné povolanie - vymedzenie pojmu. Niektoré etické problémy slobodných povolaní. Charakteristické znaky slobodných povolaní, ich základné členenie. Etika podnikania, etický kódex. Etický kódex audítorov, Etický kódex patentových zástupcov. Etika podnikania bude naďalej narastať na význame, presa...

Description complète

Enregistré dans:
Détails bibliographiques
Auteur principal: Foltínová, Alžbeta
Autres auteurs: Matušovič, Martin
Format: Chapitre de livre
Langue:slovaque
Sujets:
Tags: Ajouter un tag
Pas de tags, Soyez le premier à ajouter un tag!

MARC

LEADER 00000naa$a2200000$$$4500
001 0047120
005 20240502071538.0
041 0 |a slo 
044 |a SK 
245 1 0 |a Etické problémy slobodných povolaní  |c Alžbeta Foltínová, Martin Matušovič 
520 |a Slobodné povolanie - vymedzenie pojmu. Niektoré etické problémy slobodných povolaní. Charakteristické znaky slobodných povolaní, ich základné členenie. Etika podnikania, etický kódex. Etický kódex audítorov, Etický kódex patentových zástupcov. Etika podnikania bude naďalej narastať na význame, presadzovanie etiky v podnikaní bude prinášať aj ekonomické efekty. 
610 2 0 |a povolania 
610 2 0 |a etika podnikateľská 
610 2 0 |a zodpovednosť spoločenská 
610 2 0 |a kódexy etické 
610 2 0 |a Slovensko 
100 1 |a Foltínová, Alžbeta 
700 1 |a Matušovič, Martin